So, you want to start a business? : 8 steps to take before making the leap (Record no. 389805)

MARC details
000 -LEADER
fixed length control field 00327nam a2200097Ia 4500
082 ## - DEWEY DECIMAL CLASSIFICATION NUMBER
Classification number 658.11 HESS
008 - FIXED-LENGTH DATA ELEMENTS--GENERAL INFORMATION
fixed length control field 210817s9999 xx 000 0 und d
100 ## - MAIN ENTRY--PERSONAL NAME
Personal name HESS, Edward D. Upper Saddle River, NJ, 2009
9 (RLIN) 94847
245 #0 - TITLE STATEMENT
Title So, you want to start a business? : 8 steps to take before making the leap
942 ## - ADDED ENTRY ELEMENTS
item type Books

No items available.